In Vitro Characterization of Hepatitis C virus Rna Dependent Rna Polymerase / (Record no. 479827)
[ view plain ]
| 000 -LEADER | |
|---|---|
| fixed length control field | 00657nam a22002057a 4500 |
| 003 - CONTROL NUMBER IDENTIFIER | |
| control field | NUST |
| 005 - DATE AND TIME OF LATEST TRANSACTION | |
| control field | 20240701161218.0 |
| 008 - FIXED-LENGTH DATA ELEMENTS--GENERAL INFORMATION | |
| fixed length control field | 150917t xxu||||| |||| 00| 0 eng d |
| 020 ## - INTERNATIONAL STANDARD BOOK NUMBER | |
| Qualifying information | HBK. |
| 038 ## - RECORD CONTENT LICENSOR | |
| Staff Name | Attaullah. |
| 082 ## - DEWEY DECIMAL CLASSIFICATION NUMBER | |
| Classification number | 200 |
| 100 ## - MAIN ENTRY--PERSONAL NAME | |
| Personal name | Waheed, Yasir |
| 9 (RLIN) | 19266 |
| 245 ## - TITLE STATEMENT | |
| Title | In Vitro Characterization of Hepatitis C virus Rna Dependent Rna Polymerase / |
| Statement of responsibility, etc. | Yasir waheed |
| 260 ## - PUBLICATION, DISTRIBUTION, ETC. | |
| Place of publication, distribution, etc. | Islamabad: |
| Name of publisher, distributor, etc. | ASAB - NUST, |
| Date of publication, distribution, etc. | 2013. |
| 300 ## - PHYSICAL DESCRIPTION | |
| Extent | 192,p; |
| Other physical details | ill; |
| Dimensions | 30,cm. |
| 650 ## - SUBJECT ADDED ENTRY--TOPICAL TERM | |
| Topical term or geographic name entry element | PhD Thesis.-Applied Biosciences |
| 9 (RLIN) | 123946 |
| 700 ## - ADDED ENTRY--PERSONAL NAME | |
| Personal name | Supervisor:Dr. Attya Bhatti. |
| 9 (RLIN) | 123912 |
| 856 ## - ELECTRONIC LOCATION AND ACCESS | |
| Uniform Resource Identifier | <a href="http://10.250.8.41:8080/xmlui/handle/123456789/25582">http://10.250.8.41:8080/xmlui/handle/123456789/25582</a> |
| 942 ## - ADDED ENTRY ELEMENTS (KOHA) | |
| Source of classification or shelving scheme | |
| Koha item type | Soft Copy |
| Withdrawn status | Lost status | Source of classification or shelving scheme | Damaged status | Not for loan | Permanent Location | Current Location | Shelving location | Date acquired | Full call number | Barcode | Date last seen | Price effective from | Koha item type |
|---|---|---|---|---|---|---|---|---|---|---|---|---|---|
| Central Library (CL) | Central Library (CL) | Thesis | 08/16/2019 | 200 | CLPT-340 | 08/16/2019 | 08/16/2019 | Soft Copy | |||||
| Central Library (CL) | Central Library (CL) | Thesis | 08/25/2019 | 200 | CLPT-349 | 08/25/2019 | 08/25/2019 | Soft Copy |
